000 00372nam a22001337a 4500
008 250707b |||||||| |||| 00| 0 eng d
020 _a0385421540
050 _aHD303
_b.A76
100 _aDAVID Armstrong
245 _amanaging by Storying Around, A New Method of Leadership.
260 _aNEW york
_bDoubleday Dell Publishing Group.
_c1992
300 _a249p.
942 _cBK
999 _c4161
_d4161